000 00728nam a2200217Ia 4500
005 20241129111437.0
008 241129s9999||||xx |||||||||||||| ||und||
020 _a978-81-925280-5-2
037 _aTB
040 _aCRL
_bhin
_cCRL
041 _ahin
_2hin
084 _aO152,6:g R0
_qCRL
100 _aपरिहार, श्रीराम, ले.
245 0 _aसर्जना का नभ: समीक्षा
_cपरिहार, श्रीराम, ले.
260 _aदिल्ली, भारत
_bहर्ष पब्लिकेशंस
_c2020
300 _a255पृ0
365 _aINR
_b650
650 _aHindi Prose
942 _cTB
_hO152,6:g R0
999 _c1230495
_d1230495